[Event "Warsaw YMCA Winter-B 179th"]
[Site "Warsaw"]
[Date "2017.02.23"]
[Round "7"]
[White "Barc, Michal"]
[Black "Prus, Marek"]
[Result "1/2-1/2"]
[WhiteElo "1753"]
[BlackElo "1669"]
[PlyCount "60"]
[EventDate "2017.01.11"]
[EventType "tourn"]
[EventRounds "11"]
[EventCountry "POL"]
[SourceTitle "EXT 2018"]
[Source "ChessBase"]
[SourceDate "2017.10.13"]
[SourceVersion "1"]
[SourceVersionDate "2017.10.13"]
[SourceQuality "1"]

1. d4 Nf6 2. Bf4 d6 3. e3 g6 4. Be2 Bg7 5. Nc3 Nbd7 6. Nf3 0-0 7. h3 c5 8. Qd2 b6 9. 0-0 Bb7 10. Rad1 Rc8 11. d5 a6 12. a4 c4 13. e4 Nc5 14. Qe3 b5 15. axb5 axb5 16. e5 dxe5 17. Nxe5 Nxd5 18. Nxd5 Bxd5 19. Bf3 e6 20. b3 cxb3 21. cxb3 Re8 22. b4 Nd7 23. Rfe1 Nxe5 24. Bxe5 Bxe5 25. Qxe5 Qb6 26. Bxd5 exd5 27. Qxe8+ Rxe8 28. Rxe8+ Kg7 29. Rxd5 Qc6 30. Ree5 Qc1+ 1/2-1/2

[Event "Warsaw YMCA Winter-B 179th"]
[Site "Warsaw"]
[Date "2017.02.09"]
[Round "5"]
[White "Barc, Michal"]
[Black "Mlynarski, Zbigniew"]
[Result "1-0"]
[WhiteElo "1753"]
[BlackElo "1616"]
[PlyCount "81"]
[EventDate "2017.01.11"]
[EventType "tourn"]
[EventRounds "11"]
[EventCountry "POL"]
[SourceTitle "EXT 2018"]
[Source "ChessBase"]
[SourceDate "2017.10.13"]
[SourceVersion "1"]
[SourceVersionDate "2017.10.13"]
[SourceQuality "1"]

1. d4 Nf6 2. c4 g6 3. Nc3 Bg7 4. e4 d6 5. f3 0-0 6. Be3 Nbd7 7. Qd2 c5 8. d5 a5 9. Bh6 Bxh6 10. Qxh6 Qb6 11. Qd2 a4 12. Nge2 a3 13. b3 Rd8 14. Nc1 Nf8 15. Nd3 e6 16. Kf2 exd5 17. exd5 Qa5 18. Ne1 Bf5 19. Bd3 Bxd3 20. Qxd3 N8d7 21. Rd1 Ne5 22. Qd2 Re8 23. Nc2 Qd8 24. Rhe1 Nh5 25. g3 Qf6 26. f4 Ng4+ 27. Kg2 Qf5 28. Nb5 Qf6 29. Qc3 Qxc3 30. Nxc3 Ng7 31. h3 Nf6 32. g4 h6 33. Kf3 Nd7 34. Nb5 Ra6 35. Nc7 Rxe1 36. Rxe1 Rb6 37. Nxa3 Kf8 38. Nab5 g5 39. a4 gxf4 40. a5 Ne5+ 41. Ke4 1-0

[Event "Warsaw YMCA Winter-B 179th"]
[Site "Warsaw"]
[Date "2017.01.17"]
[Round "2"]
[White "Kolodziejczyk, Andrzej"]
[Black "Barc, Michal"]
[Result "0-1"]
[WhiteElo "1812"]
[BlackElo "1753"]
[PlyCount "87"]
[EventDate "2017.01.11"]
[EventType "tourn"]
[EventRounds "11"]
[EventCountry "POL"]
[SourceTitle "EXT 2018"]
[Source "ChessBase"]
[SourceDate "2017.10.13"]
[SourceVersion "1"]
[SourceVersionDate "2017.10.13"]
[SourceQuality "1"]

1. e4 d6 2. d4 Nf6 3. Nc3 c6 4. f4 Qa5 5. Bd3 e5 6. Nf3 exd4 7. Nxd4 Qb6 8. Nf3 Bg4 9. h3 Bxf3 10. Qxf3 Nbd7 11. Bd2 Be7 12. 0-0-0 0-0-0 13. Rhe1 Qc7 14. g4 h6 15. Bc4 Rhf8 16. a4 Nc5 17. b3 Nfd7 18. Be3 Bf6 19. Bd4 Bxd4 20. Rxd4 Nb6 21. Bf1 Rfe8 22. Red1 Ne6 23. R4d2 d5 24. exd5 Nxd5 25. Nxd5 Rxd5 26. Rxd5 cxd5 27. f5 Qf4+ 28. Qxf4 Nxf4 29. Rd4 Re1+ 30. Rd1 Re3 31. Rd4 Rf3 32. Rd1 Kc7 33. Re1 Kd6 34. Kd1 Nxh3 35. Bxh3 Rxh3 36. Re8 Rg3 37. Rf8 Ke7 38. Rb8 b6 39. Rb7+ Kf6 40. Rxa7 Rxg4 41. Rb7 Rb4 42. Kd2 d4 43. c3 Rxb3 44. a5 0-1

[Event "Warsaw YMCA Winter-B 164th"]
[Site "Warsaw"]
[Date "2016.03.04"]
[Round "11"]
[White "Barc, Michal"]
[Black "Pietrzak, Wojciech"]
[Result "0-1"]
[WhiteElo "1770"]
[BlackElo "1886"]
[PlyCount "76"]
[EventDate "2016.01.07"]
[EventType "tourn"]
[EventRounds "13"]
[EventCountry "POL"]
[SourceTitle "EXT 2019"]
[Source "ChessBase"]
[SourceDate "2018.10.10"]
[SourceVersion "1"]
[SourceVersionDate "2018.10.10"]
[SourceQuality "1"]

1. d4 d5 2. Nf3 e6 3. c4 c5 4. cxd5 exd5 5. g3 Nc6 6. Bg2 Nf6 7. Nc3 Bg4 8. Bg5 Bxf3 9. Bxf3 cxd4 10. Bxf6 Qxf6 11. Nxd5 Qe5 12. 0-0 Rd8 13. Qb3 Qb8 14. Rac1 Bd6 15. Rfd1 0-0 16. a3 Kh8 17. Qc2 Rfe8 18. b4 Bf8 19. Nf4 Ne5 20. Bg2 Rd6 21. Qc7 Rd7 22. Qxb8 Rxb8 23. Rc2 b5 24. Nd5 d3 25. exd3 Rbd8 26. f4 Ng4 27. Re1 h5 28. h3 Nh6 29. Be4 g6 30. Nc7 f5 31. Bg2 Rxd3 32. Nxb5 a6 33. Nc7 Rxa3 34. Re6 Rxg3 35. Kh2 h4 36. Nxa6 Bd6 37. Rd2 Nf7 38. Kg1 Bc5+ 0-1

[Event "Warsaw YMCA Winter-B 164th"]
[Site "Warsaw"]
[Date "2016.03.03"]
[Round "9"]
[White "Barc, Michal"]
[Black "Szukalski, Antoni"]
[Result "1/2-1/2"]
[WhiteElo "1770"]
[BlackElo "1816"]
[PlyCount "83"]
[EventDate "2016.01.07"]
[EventType "tourn"]
[EventRounds "13"]
[EventCountry "POL"]
[SourceTitle "EXT 2019"]
[Source "ChessBase"]
[SourceDate "2018.10.10"]
[SourceVersion "1"]
[SourceVersionDate "2018.10.10"]
[SourceQuality "1"]

1. d4 d5 2. Nf3 Nf6 3. c4 c6 4. Nc3 Bf5 5. cxd5 Nxd5 6. e3 e6 7. Be2 Nd7 8. 0-0 Be7 9. Re1 N7f6 10. Bd3 Bg4 11. a3 0-0 12. e4 Nxc3 13. bxc3 c5 14. e5 Ne8 15. Be4 cxd4 16. cxd4 Rb8 17. Bf4 Bxf3 18. Qxf3 b6 19. Rad1 Bg5 20. Bxg5 Qxg5 21. d5 exd5 22. Rxd5 Qe7 23. Qh3 g6 24. f4 Nc7 25. Rd7 Qc5+ 26. Qe3 Ne6 27. f5 Qxe3+ 28. Rxe3 Nc5 29. Rxa7 Nxe4 30. Rxe4 gxf5 31. Rb4 Ra8 32. Rxa8 Rxa8 33. Rxb6 Rxa3 34. Rf6 Ra1+ 35. Kf2 Ra2+ 36. Kg3 Ra3+ 37. Kh4 Ra2 38. Kh3 Rf2 39. Kg3 Rf1 40. h3 Kg7 41. Kh4 f4 42. Rf5 1/2-1/2

[Event "Warsaw YMCA Winter-B 164th"]
[Site "Warsaw"]
[Date "2016.02.05"]
[Round "12"]
[White "Malicka, Maria"]
[Black "Barc, Michal"]
[Result "1/2-1/2"]
[WhiteElo "1774"]
[BlackElo "1770"]
[PlyCount "87"]
[EventDate "2016.01.07"]
[EventType "tourn"]
[EventRounds "13"]
[EventCountry "POL"]
[SourceTitle "EXT 2019"]
[Source "ChessBase"]
[SourceDate "2018.10.10"]
[SourceVersion "1"]
[SourceVersionDate "2018.10.10"]
[SourceQuality "1"]

1. c4 Nf6 2. Nc3 e6 3. Nf3 d5 4. cxd5 exd5 5. d4 c6 6. Bf4 Bb4 7. a3 Bd6 8. Bxd6 Qxd6 9. e3 Bg4 10. Be2 Nbd7 11. 0-0 0-0 12. h3 Bh5 13. Rc1 Ne4 14. Nxe4 dxe4 15. Nd2 Bxe2 16. Qxe2 Rfe8 17. b4 Nb6 18. Nb3 Nd5 19. Nc5 b6 20. Nb3 a6 21. Nd2 Re6 22. Nc4 Qe7 23. Rc2 h6 24. Rfc1 c5 25. bxc5 bxc5 26. Qh5 g5 27. dxc5 Qxc5 28. Ne5 Qe7 29. Nc6 Qf6 30. Nd4 Rd6 31. Rc6 Rad8 32. Qg4 Qg6 33. Rxd6 Rxd6 34. Qc8+ Kh7 35. Qc5 Ne7 36. Qa7 Nf5 37. Nb3 Kg7 38. Qc5 Qe6 39. Na5 Rd5 40. Qb4 Rb5 41. Qd2 Qd6 42. Qc3+ Qf6 43. Qxf6+ Kxf6 44. Rc6+ 1/2-1/2

[Event "Warsaw YMCA Winter-B 164th"]
[Site "Warsaw"]
[Date "2016.02.04"]
[Round "5"]
[White "Barc, Michal"]
[Black "Kasperkiewicz, Pawel"]
[Result "1/2-1/2"]
[WhiteElo "1770"]
[BlackElo "1899"]
[PlyCount "35"]
[EventDate "2016.01.07"]
[EventType "tourn"]
[EventRounds "13"]
[EventCountry "POL"]
[SourceTitle "EXT 2019"]
[Source "ChessBase"]
[SourceDate "2018.10.10"]
[SourceVersion "1"]
[SourceVersionDate "2018.10.10"]
[SourceQuality "1"]

1. d4 Nf6 2. c4 g6 3. Nf3 Bg7 4. Nc3 d5 5. e3 0-0 6. cxd5 Nxd5 7. Bc4 Nb6 8. Be2 Nc6 9. 0-0 e5 10. d5 Ne7 11. e4 Bg4 12. Qb3 c6 13. dxc6 Nxc6 14. Be3 Bxf3 15. Bxf3 Nd4 16. Bxd4 exd4 17. Nd5 Nxd5 18. exd5 1/2-1/2

[Event "Warsaw YMCA Winter-B 164th"]
[Site "Warsaw"]
[Date "2016.01.21"]
[Round "3"]
[White "Barc, Michal"]
[Black "Staniak, Mariusz"]
[Result "1/2-1/2"]
[WhiteElo "1770"]
[BlackElo "1793"]
[PlyCount "55"]
[EventDate "2016.01.07"]
[EventType "tourn"]
[EventRounds "13"]
[EventCountry "POL"]
[SourceTitle "EXT 2019"]
[Source "ChessBase"]
[SourceDate "2018.10.10"]
[SourceVersion "1"]
[SourceVersionDate "2018.10.10"]
[SourceQuality "1"]

1. d4 Nf6 2. c4 e6 3. Nf3 d5 4. Nc3 Be7 5. g3 c6 6. Bg2 Nbd7 7. 0-0 0-0 8. b3 b6 9. Bb2 Ba6 10. Re1 Rc8 11. e4 dxe4 12. Nxe4 Bb7 13. Ne5 Nxe5 14. dxe5 Nxe4 15. Bxe4 Qxd1 16. Rexd1 Rfd8 17. Kf1 Ba8 18. Ke2 c5 19. Rxd8+ Rxd8 20. Bxa8 Rxa8 21. Rd1 Rd8 22. Rxd8+ Bxd8 23. Kd3 Kf8 24. Ke4 Ke7 25. g4 Kd7 26. f4 g6 27. Bc3 Be7 28. Be1 1/2-1/2

[Event "Warsaw YMCA Autumn-B 160th"]
[Site "Warsaw"]
[Date "2015.12.02"]
[Round "11"]
[White "Pajak, Jakub Lech"]
[Black "Barc, Michal"]
[Result "0-1"]
[WhiteElo "1812"]
[BlackElo "1838"]
[PlyCount "82"]
[EventDate "2015.09.24"]
[EventType "tourn"]
[EventRounds "13"]
[EventCountry "POL"]
[SourceTitle "EXT 2019"]
[Source "ChessBase"]
[SourceDate "2018.10.10"]
[SourceVersion "1"]
[SourceVersionDate "2018.10.10"]
[SourceQuality "1"]

1. c4 Nf6 2. Nc3 e6 3. g3 d5 4. cxd5 exd5 5. d4 c6 6. Bg2 Bd6 7. Nf3 0-0 8. 0-0 Nbd7 9. a3 a5 10. Bg5 Re8 11. e3 h6 12. Bxf6 Nxf6 13. Qc2 Be6 14. Na4 Nd7 15. Nc5 Bxc5 16. dxc5 a4 17. Nd4 Qe7 18. Rfc1 Ra5 19. b4 axb3 20. Nxb3 Ra4 21. Qb2 Rea8 22. Bf1 R8a7 23. Be2 Bh3 24. Bf1 Bxf1 25. Kxf1 Qf8 26. f4 Qa8 27. Rc3 Rxa3 28. Rxa3 Rxa3 29. Nc1 Qa6+ 30. Kf2 Ra5 31. Qb4 Ra4 32. Qb3 Nf6 33. Rc2 Ra3 34. Qb2 Ng4+ 35. Kg1 Rxe3 36. Ne2 d4 37. h3 d3 38. hxg4 dxe2 39. Rxe2 Qxe2 40. Qxb7 Rxg3+ 41. Kh1 Qg2# 0-1

[Event "Warsaw YMCA Autumn-B 160th"]
[Site "Warsaw"]
[Date "2015.11.26"]
[Round "10"]
[White "Barc, Michal"]
[Black "Staniak, Mariusz"]
[Result "0-1"]
[WhiteElo "1838"]
[BlackElo "1795"]
[PlyCount "62"]
[EventDate "2015.09.24"]
[EventType "tourn"]
[EventRounds "13"]
[EventCountry "POL"]
[SourceTitle "EXT 2019"]
[Source "ChessBase"]
[SourceDate "2018.10.10"]
[SourceVersion "1"]
[SourceVersionDate "2018.10.10"]
[SourceQuality "1"]

1. d4 Nf6 2. c4 e6 3. Nc3 d5 4. Nf3 Be7 5. e3 0-0 6. Bd3 dxc4 7. Bxc4 c5 8. 0-0 a6 9. dxc5 Bxc5 10. a3 b5 11. Ba2 Qc7 12. Bd2 Bb7 13. Qe2 Rd8 14. Rfd1 Qe7 15. Rac1 Nbd7 16. h3 Rac8 17. Be1 h6 18. Rc2 Ba7 19. e4 Nc5 20. e5 Nfe4 21. Nxe4 Nxe4 22. Rxc8 Rxc8 23. Bb1 Ng3 24. Qd3 Be4 25. Qd6 Qb7 26. Bb4 Bxb1 27. Rxb1 Bxf2+ 28. Kh2 Ne4 29. Qe7 Bg3+ 30. Kh1 Nf2+ 31. Kg1 Qb6 0-1

[Event "Warsaw YMCA Autumn-B 160th"]
[Site "Warsaw"]
[Date "2015.11.12"]
[Round "8"]
[White "Barc, Michal"]
[Black "Malicka, Maria"]
[Result "0-1"]
[WhiteElo "1838"]
[BlackElo "1710"]
[PlyCount "98"]
[EventDate "2015.09.24"]
[EventType "tourn"]
[EventRounds "13"]
[EventCountry "POL"]
[SourceTitle "EXT 2019"]
[Source "ChessBase"]
[SourceDate "2018.10.10"]
[SourceVersion "1"]
[SourceVersionDate "2018.10.10"]
[SourceQuality "1"]

1. d4 Nf6 2. c4 e6 3. Nc3 Bb4 4. Nf3 b6 5. Bg5 h6 6. Bxf6 Qxf6 7. e4 Bxc3+ 8. bxc3 d6 9. Bd3 e5 10. h3 0-0 11. 0-0 Re8 12. Re1 Bb7 13. d5 Nd7 14. Re3 Nc5 15. Nh2 Bc8 16. Be2 Qg6 17. Bh5 Qg5 18. Rg3 Qh4 19. Qf3 Qf4 20. Re1 g6 21. Qe2 Kg7 22. Bg4 Bxg4 23. Nxg4 Nxe4 24. Rf3 Qg5 25. Qxe4 f5 26. Qe3 fxg4 27. Qxg5 hxg5 28. hxg4 Rf8 29. Ree3 Rf4 30. Rxf4 gxf4 31. Re4 Kf6 32. f3 Ke7 33. g3 fxg3 34. f4 Kf6 35. fxe5+ dxe5 36. Kg2 Rh8 37. Kxg3 Rh1 38. c5 Rc1 39. cxb6 Rxc3+ 40. Kf2 axb6 41. Re2 Rc5 42. Rd2 Ke7 43. Ke3 Kd6 44. Ke4 Rc4+ 45. Kf3 Rd4 46. Rh2 Kxd5 47. Rh6 Rf4+ 48. Kg3 Rf6 49. g5 Re6 0-1

[Event "Warsaw YMCA Autumn-B 160th"]
[Site "Warsaw"]
[Date "2015.10.28"]
[Round "6"]
[White "Rodak, Przemyslaw"]
[Black "Barc, Michal"]
[Result "1-0"]
[WhiteElo "1793"]
[BlackElo "1838"]
[PlyCount "71"]
[EventDate "2015.09.24"]
[EventType "tourn"]
[EventRounds "13"]
[EventCountry "POL"]
[SourceTitle "EXT 2019"]
[Source "ChessBase"]
[SourceDate "2018.10.10"]
[SourceVersion "1"]
[SourceVersionDate "2018.10.10"]
[SourceQuality "1"]

1. d4 Nf6 2. Bf4 d5 3. e3 c5 4. c3 Nc6 5. Nf3 e6 6. Bd3 Bd6 7. Bg5 Qb6 8. Qc1 Bd7 9. Nbd2 Rc8 10. dxc5 Bxc5 11. Bxf6 gxf6 12. Nb3 Bd6 13. Qd2 Ne5 14. Nxe5 fxe5 15. Rc1 a5 16. Rb1 a4 17. Nc1 e4 18. Be2 Be5 19. Qc2 Rg8 20. g3 Qa5 21. Bh5 Ke7 22. Ne2 Bb5 23. Qd1 Bd3 24. Rc1 Rc7 25. Nd4 Rc4 26. Bxf7 Kxf7 27. Qh5+ Kf6 28. Qh6+ Rg6 29. Qf8+ Kg5 30. f4+ Kh5 31. fxe5 Qb6 32. Qf4 Rg4 33. Qf7+ Rg6 34. Qxh7+ Rh6 35. g4+ Kg5 36. h4+ 1-0

[Event "Warsaw YMCA Spring 154th"]
[Site "Warsaw"]
[Date "2015.05.20"]
[Round "7"]
[White "Barc, Michal"]
[Black "Baranska, Monika"]
[Result "1/2-1/2"]
[WhiteElo "1849"]
[BlackElo "1822"]
[PlyCount "105"]
[EventDate "2015.04.10"]
[EventType "tourn"]
[EventRounds "13"]
[EventCountry "POL"]
[SourceTitle "EXT 2017"]
[Source "ChessBase"]
[SourceDate "2016.10.25"]
[SourceVersion "1"]
[SourceVersionDate "2016.10.25"]
[SourceQuality "1"]

1. d4 d5 2. Nf3 c6 3. c4 dxc4 4. g3 Nf6 5. Bg2 e6 6. 0-0 Bd6 7. a4 a5 8. Nfd2 0-0 9. Nxc4 Bc7 10. Nc3 Nbd7 11. b3 e5 12. d5 cxd5 13. Nxd5 Nxd5 14. Qxd5 Nb6 15. Nxb6 Bxb6 16. Bb2 Qxd5 17. Bxd5 Re8 18. Rfd1 Rb8 19. Kg2 Bc5 20. Rac1 b6 21. e4 Ba6 22. Bc6 Re7 23. Rd5 f6 24. Rcd1 Bb7 25. Rd8+ Rxd8 26. Rxd8+ Kf7 27. Bxb7 Rxb7 28. f4 exf4 29. gxf4 Ke7 30. Rd5 Rd7 31. Rxd7+ Kxd7 32. Kf3 Ke6 33. Kg4 Bg1 34. h3 Bc5 35. Bc3 Be7 36. Bd4 Bd8 37. Kf3 h6 38. Ke3 g6 39. Kd3 Kd6 40. Kc4 Kc6 41. h4 g5 42. hxg5 hxg5 43. fxg5 fxg5 44. b4 axb4 45. Kxb4 g4 46. Kc4 Be7 47. e5 g3 48. Bg1 g2 49. e6 Bc5 50. Bh2 g1Q 51. Bxg1 Bxg1 52. e7 Kd7 53. Kb5 1/2-1/2

[Event "Warsaw YMCA Spring 154th"]
[Site "Warsaw"]
[Date "2015.05.13"]
[Round "6"]
[White "Safanowski, Tomasz"]
[Black "Barc, Michal"]
[Result "1-0"]
[WhiteElo "1870"]
[BlackElo "1849"]
[PlyCount "115"]
[EventDate "2015.04.10"]
[EventType "tourn"]
[EventRounds "13"]
[EventCountry "POL"]
[SourceTitle "EXT 2017"]
[Source "ChessBase"]
[SourceDate "2016.10.25"]
[SourceVersion "1"]
[SourceVersionDate "2016.10.25"]
[SourceQuality "1"]

1. c4 Nf6 2. Nc3 g6 3. g3 Bg7 4. Bg2 0-0 5. Nf3 d6 6. 0-0 c6 7. d4 Nbd7 8. e4 e5 9. dxe5 Nxe5 10. Nxe5 dxe5 11. Be3 b6 12. b4 Be6 13. Qe2 Qc8 14. a4 Ng4 15. c5 Nxe3 16. Qxe3 bxc5 17. Qxc5 a5 18. bxa5 Qa6 19. Nb5 cxb5 20. axb5 Rfc8 21. Qb4 Qb7 22. Rfb1 Bf8 23. Qb2 f6 24. Bf1 Bc5 25. b6 Bd4 26. a6 Qxe4 27. Bg2 Qxg2+ 28. Kxg2 Bxb2 29. Rxb2 Rcb8 30. b7 Ra7 31. Rb6 Bd5+ 32. f3 Bxb7 33. Kf2 Kf7 34. Rab1 Bxa6 35. Rxb8 Rc7 36. R1b2 f5 37. R8b6 Bc8 38. R2b5 Rc2+ 39. Ke3 Rc3+ 40. Ke2 e4 41. fxe4 fxe4 42. Ra5 Bg4+ 43. Kd2 Rd3+ 44. Kc2 Rd7 45. Rab5 h5 46. Rb7 Ke7 47. Kc3 Rxb7 48. Rxb7+ Kf6 49. Kd4 Bf5 50. h4 Ke6 51. Rb6+ Kf7 52. Ke5 e3 53. Rb7+ Ke8 54. Kd6 Kf8 55. Re7 Bg4 56. Rxe3 Kf7 57. Ke5 Ke7 58. Ra3 1-0

[Event "Warsaw YMCA Spring 154th"]
[Site "Warsaw"]
[Date "2015.05.06"]
[Round "5"]
[White "Barc, Michal"]
[Black "Powalka, Michal"]
[Result "0-1"]
[WhiteElo "1849"]
[BlackElo "1819"]
[PlyCount "182"]
[EventDate "2015.04.10"]
[EventType "tourn"]
[EventRounds "13"]
[EventCountry "POL"]
[SourceTitle "EXT 2017"]
[Source "ChessBase"]
[SourceDate "2016.10.25"]
[SourceVersion "1"]
[SourceVersionDate "2016.10.25"]
[SourceQuality "1"]

1. d4 Nf6 2. Bg5 Ne4 3. Bf4 c5 4. f3 Nf6 5. d5 e6 6. e4 exd5 7. exd5 d6 8. Nc3 a6 9. a4 Be7 10. Bd3 Nh5 11. Be3 Bh4+ 12. g3 Bf6 13. Nge2 0-0 14. Kf2 Nd7 15. g4 Bh4+ 16. Ng3 Nhf6 17. Kg2 g6 18. g5 Ne8 19. f4 f6 20. Qg4 fxg5 21. fxg5 Bxg3 22. hxg3 Qe7 23. Qe6+ Qxe6 24. dxe6 Ne5 25. e7 Rf7 26. Be4 Rxe7 27. Nd5 Rg7 28. Nb6 Rb8 29. Bd5+ Kf8 30. Raf1+ Ke7 31. Nxc8+ Rxc8 32. Bf4 Nc6 33. Re1+ Kd8 34. c3 Rcc7 35. Re2 Rge7 36. Rhe1 Rxe2+ 37. Rxe2 Re7 38. Rd2 Kd7 39. b4 cxb4 40. cxb4 b5 41. axb5 axb5 42. Bf3 Nxb4 43. Rb2 Nd3 44. Rxb5 Ne1+ 45. Kf2 Nxf3 46. Kxf3 Nc7 47. Rb6 Ne8 48. Rb1 Ke6 49. Re1+ Kf7 50. Rd1 Rd7 51. Rd5 Ke6 52. Rd1 d5 53. Re1+ Kf7 54. Rh1 Kg8 55. Re1 Ng7 56. Ra1 Ne6 57. Re1 Nc5 58. Rd1 Kf7 59. Rh1 Ke6 60. Re1+ Ne4 61. Re3 Kf5 62. g4+ Ke6 63. Re1 Ra7 64. Re3 Ra2 65. Rb3 Ra7 66. Rb6+ Kd7 67. Rb3 Kc6 68. Be3 Rf7+ 69. Kg2 Rb7 70. Ra3 Nd6 71. Ra6+ Kd7 72. Bf4 Nc4 73. Ra4 Kc6 74. Ra1 Kc5 75. Kf3 d4 76. Rd1 Rb3+ 77. Kf2 Kd5 78. Re1 Rb7 79. Kf3 d3 80. Re8 Rd7 81. Be3 Rf7+ 82. Kg3 Nxe3 83. Rxe3 Kd4 84. Re8 d2 85. Rd8+ Ke3 86. Re8+ Kd3 87. Rd8+ Ke2 88. Re8+ Kf1 89. Rd8 Rf2 90. Rd7 Ke1 91. Rd6 Re2 0-1

[Event "Warsaw YMCA Winter 150th"]
[Site "Warsaw"]
[Date "2015.01.22"]
[Round "4"]
[White "Barc, Michal"]
[Black "Kosny, Marek"]
[Result "1-0"]
[WhiteElo "1849"]
[BlackElo "1918"]
[PlyCount "83"]
[EventDate "2015.01.08"]
[EventType "tourn"]
[EventRounds "13"]
[EventCountry "POL"]
[SourceTitle "EXT 2019"]
[Source "ChessBase"]
[SourceDate "2018.10.10"]
[SourceVersion "1"]
[SourceVersionDate "2018.10.10"]
[SourceQuality "1"]

1. d4 Nf6 2. Nf3 d5 3. Bf4 Bg4 4. e3 e6 5. Be2 Bd6 6. Ne5 Bxe2 7. Qxe2 0-0 8. Nd2 Nbd7 9. 0-0 Re8 10. h3 Qe7 11. c4 c5 12. Nxd7 Qxd7 13. Bxd6 Qxd6 14. dxc5 Qxc5 15. Rac1 Qa5 16. a3 Rad8 17. cxd5 Rxd5 18. Rfd1 Red8 19. Nf3 Kf8 20. Rxd5 Qxd5 21. Qc4 Qxc4 22. Rxc4 Rd1+ 23. Kh2 Rd5 24. Rc7 Rb5 25. b4 Ne4 26. Nd4 Rb6 27. f3 Nd6 28. e4 Ne8 29. Rc3 Ke7 30. Kg3 Nd6 31. e5 Ne8 32. f4 f6 33. Kf3 fxe5 34. fxe5 Kd7 35. b5 a6 36. a4 Nc7 37. Rc5 axb5 38. axb5 Kd8 39. Ke4 g6 40. Kd3 Ne8 41. Ne2 Ng7 42. Nc3 1-0

[Event "Warsaw YMCA Autumn-B 146th"]
[Site "Warsaw"]
[Date "2014.11.27"]
[Round "11"]
[White "Tegi, Robert"]
[Black "Barc, Michal"]
[Result "1-0"]
[WhiteElo "1796"]
[BlackElo "1863"]
[PlyCount "83"]
[EventDate "2014.09.17"]
[EventType "tourn"]
[EventRounds "13"]
[EventCountry "POL"]
[SourceTitle "EXT 2019"]
[Source "ChessBase"]
[SourceDate "2018.10.10"]
[SourceVersion "1"]
[SourceVersionDate "2018.10.10"]
[SourceQuality "1"]

1. d4 Nf6 2. Nf3 e6 3. c4 c5 4. d5 exd5 5. cxd5 d6 6. Nc3 g6 7. h3 Bg7 8. e4 0-0 9. Bd3 b5 10. 0-0 b4 11. Ne2 Qb6 12. Be3 Re8 13. Ng3 Ba6 14. Rc1 Nbd7 15. Re1 Qa5 16. Bb1 Rac8 17. Bf4 Qb6 18. b3 c4 19. Be3 Qb7 20. bxc4 Bxc4 21. Nd4 a5 22. Nc6 Qa6 23. Bd4 Nc5 24. Qf3 Nfd7 25. Bxg7 Kxg7 26. Qg4 Ne5 27. Nxe5 dxe5 28. Nf5+ Kh8 29. Nd6 Qxd6 30. Rxc4 Rc7 31. Rec1 Rec8 32. Qf3 Kg7 33. Qe3 Na4 34. Qb3 Nc3 35. Rxc7 Rxc7 36. Re1 Qc5 37. Re3 Qd4 38. Bd3 a4 39. Qb2 Qc5 40. Qd2 f6 41. g4 Qd4 42. Qb2 1-0

[Event "Warsaw YMCA Autumn-B 146th"]
[Site "Warsaw"]
[Date "2014.10.01"]
[Round "1"]
[White "Barc, Michal"]
[Black "Lewandrowski, Tomasz"]
[Result "0-1"]
[WhiteElo "1863"]
[BlackElo "1897"]
[PlyCount "50"]
[EventDate "2014.09.17"]
[EventType "tourn"]
[EventRounds "13"]
[EventCountry "POL"]
[SourceTitle "EXT 2019"]
[Source "ChessBase"]
[SourceDate "2018.10.10"]
[SourceVersion "1"]
[SourceVersionDate "2018.10.10"]
[SourceQuality "1"]

1. d4 Nf6 2. Nf3 d6 3. c4 g6 4. Nc3 Bg7 5. e4 0-0 6. Be2 Na6 7. 0-0 e5 8. d5 Nc5 9. Qc2 a5 10. Ne1 b6 11. Be3 Ng4 12. Bxg4 Bxg4 13. f3 Bd7 14. Nd3 f5 15. Nxc5 bxc5 16. b3 f4 17. Bf2 g5 18. a4 Rf6 19. Qe2 Rh6 20. Kh1 g4 21. fxg4 Qg5 22. h4 Bxg4 23. Kg1 Qh5 24. Qe1 Bf6 25. Ra2 Kh8 0-1

[Event "Warsaw YMCA Autumn-B 146th"]
[Site "Warsaw"]
[Date "2014.09.30"]
[Round "3"]
[White "Barc, Michal"]
[Black "Moskwinski, Marek"]
[Result "1/2-1/2"]
[WhiteElo "1863"]
[BlackElo "1822"]
[PlyCount "92"]
[EventDate "2014.09.17"]
[EventType "tourn"]
[EventRounds "13"]
[EventCountry "POL"]
[SourceTitle "EXT 2019"]
[Source "ChessBase"]
[SourceDate "2018.10.10"]
[SourceVersion "1"]
[SourceVersionDate "2018.10.10"]
[SourceQuality "1"]

1. d4 Nf6 2. Nf3 e6 3. c4 d5 4. Nc3 Be7 5. Bf4 0-0 6. e3 c5 7. Bd3 Nc6 8. a3 a6 9. dxc5 dxc4 10. Bxc4 Bxc5 11. b4 Qxd1+ 12. Kxd1 Be7 13. Ke2 b5 14. Bb3 Bb7 15. Rhd1 Rfd8 16. Rxd8+ Rxd8 17. Rd1 Rxd1 18. Kxd1 Ng4 19. Bg3 Bf6 20. Kc2 Nce5 21. Nxe5 Bxe5 22. Bxe5 Nxe5 23. f3 Ng6 24. a4 Nh4 25. axb5 axb5 26. Kd2 Nxg2 27. Bd1 Nh4 28. e4 Bc6 29. Ke3 e5 30. Be2 Ng2+ 31. Kd2 Nh4 32. Ke3 Ng2+ 33. Kd2 Kf8 34. Bxb5 Bxb5 35. Nxb5 Ke7 36. Nc3 Kd6 37. Nd5 Nh4 38. Ke3 f5 39. f4 Ng2+ 40. Kf2 Nh4 41. Kg3 fxe4 42. Nc3 Nf5+ 43. Kg4 Nh6+ 44. Kg5 Nf7+ 45. Kf5 Nh6+ 46. Kxe4 exf4 1/2-1/2

[Event "Warsaw YMCA Spring-B 139th"]
[Site "Warsaw"]
[Date "2014.05.08"]
[Round "5"]
[White "Barc, Michal"]
[Black "Wyszomirski, Krzysztof"]
[Result "0-1"]
[WhiteElo "1851"]
[BlackElo "1810"]
[PlyCount "88"]
[EventDate "2014.04.08"]
[EventType "tourn"]
[EventRounds "11"]
[EventCountry "POL"]
[SourceTitle "EXT 2015"]
[Source "ChessBase"]
[SourceDate "2014.11.20"]
[SourceVersion "1"]
[SourceVersionDate "2014.11.20"]
[SourceQuality "1"]

1. d4 Nf6 2. Nf3 g6 3. c4 Bg7 4. Nc3 d5 5. e3 e6 6. Bd3 0-0 7. 0-0 b6 8. Re1 Bb7 9. e4 dxe4 10. Nxe4 Nxe4 11. Bxe4 Bxe4 12. Rxe4 Nc6 13. Bg5 Qd6 14. d5 exd5 15. cxd5 Ne5 16. Bf4 Nxf3+ 17. gxf3 Qd7 18. Rc1 Rac8 19. Qb3 Rfd8 20. Bg5 Re8 21. Rce1 c6 22. Rxe8+ Rxe8 23. Rxe8+ Qxe8 24. d6 Qd7 25. Bf4 g5 26. Bxg5 Qxd6 27. Be3 Qg6+ 28. Kf1 Qb1+ 29. Kg2 c5 30. Qa4 Bxb2 31. Qxa7 Be5 32. Qa4 Qg6+ 33. Kf1 Qe6 34. f4 Bf6 35. Qa8+ Kg7 36. Qg2+ Kf8 37. Qa8+ Qe8 38. Qb7 Qd8 39. f5 Be5 40. Qc6 Qd3+ 41. Kg2 Qd6 42. Bh6+ Ke7 43. Qa8 Qxh6 44. Qb7+ Kf8 0-1

[Event "Warsaw YMCA Winter-B 135th"]
[Site "Warsaw"]
[Date "2014.03.19"]
[Round "11"]
[White "Barc, Michal"]
[Black "Praczukowski, Stanislaw"]
[Result "0-1"]
[WhiteElo "1849"]
[BlackElo "1902"]
[PlyCount "46"]
[EventDate "2014.01.08"]
[EventType "tourn"]
[EventRounds "13"]
[EventCountry "POL"]
[SourceTitle "EXT 2015"]
[Source "ChessBase"]
[SourceDate "2014.11.20"]
[SourceVersion "1"]
[SourceVersionDate "2014.11.20"]
[SourceQuality "1"]

1. d4 Nf6 2. Nf3 e6 3. c4 b6 4. Nc3 Bb7 5. e3 Bb4 6. Bd3 0-0 7. 0-0 d5 8. Bd2 Nbd7 9. Nxd5 Nxd5 10. cxd5 Bxd2 11. Qxd2 exd5 12. Rac1 c5 13. Bb5 c4 14. b3 Nf6 15. bxc4 a6 16. Ba4 dxc4 17. Bc2 Re8 18. Rfd1 Qd5 19. Qb4 Re6 20. e4 Nxe4 21. Bxe4 Qxe4 22. Qxc4 Rg6 23. Rd3 Rc6 0-1